|
|
|
|
| LEADER |
00000nam2a2200000 4500 |
| 001 |
249720 |
| 005 |
20231101232510.0 |
| 020 |
|
|
|a RU
|b 89-9826
|
| 035 |
|
|
|a (RuTPU)RU\TPU\book\271823
|
| 090 |
|
|
|a 249720
|
| 100 |
|
|
|a 20140207d1930 k y0rusy5003 ca
|
| 101 |
0 |
|
|a rus
|
| 102 |
|
|
|a RU
|
| 105 |
|
|
|a a z 000zy
|
| 200 |
0 |
|
|a Вып. 2: Перегонка и очистка
|
| 210 |
|
|
|d 1930
|
| 215 |
|
|
|a 117 с.
|c ил.
|
| 461 |
|
1 |
|0 (RuTPU)RU\TPU\book\6954
|t Труды научно-технического совета нефтяной промышленности: сессия заводской секции в г. Баку в 1929 г.
|o в 3 вып.
|v Вып. 2: Перегонка и очистка
|d 1930
|
| 606 |
1 |
|
|a Нефть
|x Химический анализ
|x Нефтепереработка
|2 stltpush
|3 (RuTPU)RU\TPU\subj\33711
|9 55867
|
| 610 |
1 |
|
|a нефтяное дело
|
| 610 |
1 |
|
|a перегонка
|
| 610 |
1 |
|
|a очистка
|
| 610 |
1 |
|
|a перегонные установки
|
| 610 |
1 |
|
|a нефтепродукты
|
| 610 |
1 |
|
|a ректификационные колонны
|
| 610 |
1 |
|
|a доклады
|
| 675 |
|
|
|a 665.6
|v 3
|
| 801 |
|
0 |
|a RU
|b RuMRKP
|c 19960705
|g psbo
|
| 801 |
|
1 |
|a RU
|b 63413507
|c 20140207
|
| 801 |
|
2 |
|a RU
|b 63413507
|c 20140224
|g RCR
|
| 942 |
|
|
|c BK
|